How things work: The brain

Gespeichert in:
Bibliographische Detailangaben
Format: Buch
Sprache:Undetermined
Veröffentlicht: Alexandria, Virginia Time-Life Books 1990
Schlagworte:
Tags: Tag hinzufügen
Keine Tags, Fügen Sie den ersten Tag hinzu!
Thư viện lưu trữ: Trung tâm Học liệu Trường Đại học Cần Thơ
LEADER 00425nam a2200157Ia 4500
001 CTU_18271
008 210402s9999 xx 000 0 und d
082 |a 152 
082 |b B814 
245 0 |a How things work: The brain 
260 |a Alexandria, Virginia 
260 |b Time-Life Books 
260 |c 1990 
650 |a brain - popular works 
904 |i Minh, 970822 
980 |a Trung tâm Học liệu Trường Đại học Cần Thơ